| 000 | 01303cad a22002175a 4500 | ||
|---|---|---|---|
| 001 | L137935 | ||
| 008 | 070509e20070405xxk f s000 0 eng d | ||
| 035 | _a(Sirsi) u137935 | ||
| 041 | 0 | _aeng | |
| 110 | 1 |
_aEngland _bHighways Agency _91666 |
|
| 245 | 0 | 0 |
_aProtecting historic landscapes _h[electronic resource] |
| 260 | _c2007 | ||
| 490 | 0 |
_aHighways Agency Press Release _v(HA 22-07) 5 April 2007 |
|
| 520 | _aGuidance on surveying, evaluating and assessing the impact of roads on historic landscapes has been published by the Highways Agency and English Heritage. "Assessing the effect of road schemes on historic landscape character" will ensure that greater effort is taken in preparing environmental assessments for new road schemes. This may include design measures to reduce changes caused by noise, land take, visual intrusion and vibration or incorporating new landscaping and planting into the road scheme. | ||
| 590 | _aKA | ||
| 650 | 2 | 4 | _aENGLAND |
| 690 | _aENVIRONMENTAL AND LAND CONSULTANCY-ENVIRONMENTAL MANAGEMENT-ENVIRONMENTAL CONSERVATION-LANDSCAPE CONSERVATION | ||
| 690 | _aPROPERTY-INFRASTRUCTURE-ROAD INFRASTRUCTURE | ||
| 856 | 4 | 0 |
_uhttps://www.highways.gov.uk/news/pressrelease.aspx?pressreleaseid=146075 _zView the item free of charge at www.highways.gov.uk... |
| 942 | _n0 | ||
| 999 |
_c78745 _d78745 |
||